000 00596nam a2200229 a 4500
999 _c4939
_d4939
001 4939
003 BD-JhCC
005 20171205184501.0
008 171205s bg |||| ||a| 000 0 eng d
035 _a(BD-JhCC)4939
040 _aBD-JhCC
_dBD-JhCC
041 _aeng
082 _a623.817
_bSHA
100 _aShansky, V.Semyonov T-Yan
245 _aStatics And Dynamoics Of The Ship
_cV.Semyonov T-Yan- Shansky
260 _aMoscow :
_bPeace Publishers,
300 _a585 p. :
_c22 cm.
650 _aNaval Architcture
650 _aStability Of Ships
942 _2ddc
_cBK